01709cam a22004334i 4500003000900000005001700009008004100026020001800067035002700085040003300112049000900145082001800154245005900172264004500231300004400276336002100320337002500341338002300366490003600389500003900425505009300464526000900557526000900566526000800575526000800583526000800591541001600599610004500615650003900660700001900699910002200718942001400740949012200754994001400876596000600890999015500896980005501051952016901106PE-LiUPU20250731183433.0150706s r 000 0 d a9788495098665 a(Sirsi) i9788495098665 aPE-LiUPUbspacPE-LiUPUerda aPRUA04a708bMEAM22101aModerna Museet :bEstocolmo /c[textos, Angela Sanna]. 1a[Madrid] :bComunicación Uno,c[2007]. a32 páginas :bilustraciones ;c35 cm. atext2rdacontent aunmediated2rdamedia avolume2rdacarrier0 aMuseos europeos de arte moderno aSubtítulo tomado de la cubierta.0 aImágenes de algunos cuadros artísticos que se encuentran en el Museo Moderna Museet. aP158 aP146 aP17 aP12 aP06 g002-001005;2 aModerna museet (Estocolmo)vCatálogos.04aArte modernozEuropavCatálogos.1 aSanna, Angela. aglcjckd20120822 2ddccBOOK a708 MEAM EwDEWEYc1i65340lCCODEBUL1mBULp4.00r0sYtBOOKu2015-7-6xINGENIERIAPP06o.STAFF. Colección General aC0bPEPRU a1 a708 MEAM EwDEWEYc53908i65340f2021-11-9g7lCCODEBUL1mBULp4.00r0sYtBOOKu2015-7-6xINGENIERIAPP060COMPRAo.STAFF. Colección Generald53908 81gALBERTO SANCHEZ Responsable de Automatización r2025-12-02 00:00:00i8l0o708 MEAM Ep65340te1v9.00w2015-07-06xFIAyBKzinventario-2023-12-13102ddc50708GENfP06aBULbBULcLGRAd2015-07-06eCOMPRAg4.00